[Event "Titled Tuesday intern op 30th May Early"]
[Site "Chess.com INT"]
[Date "2023.05.30"]
[Round "11"]
[White "Menahem, Adi"]
[Black "Steenbekkers, Franck"]
[Result "1/2-1/2"]
[WhiteElo "2136"]
[BlackElo "2164"]
[PlyCount "64"]
[EventDate "2023.05.30"]
[EventType "swiss (blitz)"]
[EventRounds "11"]
[EventCountry "USA"]
[SourceTitle "CBM 214 Extra"]
[Source "ChessBase"]
[SourceDate "2023.07.31"]
[SourceVersion "1"]
[SourceVersionDate "2023.07.31"]
[SourceQuality "1"]

1. c4 Nf6 2. Nf3 g6 3. Nc3 Bg7 4. e3 0-0 5. b3 d6 6. Bb2 e5 7. d4 e4 8. Nd2 Re8 9. Be2 c6 10. 0-0 d5 11. cxd5 cxd5 12. Rc1 Nc6 13. a3 a5 14. Na4 Bf5 15. Nc5 Qe7 16. Nb1 h5 17. Nc3 Rac8 18. Nb5 Ng4 19. h3 Nf6 20. Qd2 b6 21. Na4 Qe6 22. Nxb6 Bxh3 23. Nxc8 Rxc8 24. gxh3 Qxh3 25. Nd6 Ng4 26. Bxg4 Qxg4+ 27. Kh1 Qh3+ 28. Kg1 Qg4+ 29. Kh2 Qh4+ 30. Kg2 Qg4+ 31. Kh2 Qh4+ 32. Kg1 Qg4+ 1/2-1/2

[Event "Titled Tuesday intern op 25th Apr Early"]
[Site "Chess.com INT"]
[Date "2023.04.25"]
[Round "2"]
[White "Gil Alba, Hector Luis"]
[Black "Steenbekkers, Franck"]
[Result "1-0"]
[WhiteElo "2309"]
[BlackElo "2164"]
[PlyCount "34"]
[EventDate "2023.04.25"]
[EventType "swiss (blitz)"]
[EventRounds "11"]
[EventCountry "USA"]
[SourceTitle "EXT 2024"]
[Source "ChessBase"]
[SourceDate "2023.10.10"]
[SourceVersion "1"]
[SourceVersionDate "2023.10.10"]
[SourceQuality "1"]

1. e4 c5 2. Nf3 Nc6 3. Bb5 e6 4. 0-0 Nge7 5. Nc3 a6 6. Bxc6 Nxc6 7. d4 cxd4 8. Nxd4 Qc7 9. Re1 Nxd4 10. Qxd4 Bd6 11. Qxg7 Be5 12. Qh6 b5 13. Nd5 exd5 14. exd5 Bb7 15. Bg5 d6 16. f4 Qxc2 17. fxe5 Kd7 1-0

[Event "Titled Tuesday intern op 25th Apr Early"]
[Site "Chess.com INT"]
[Date "2023.04.25"]
[Round "1"]
[White "Steenbekkers, Franck"]
[Black "Leenhouts, Koen"]
[Result "0-1"]
[WhiteElo "2164"]
[BlackElo "2442"]
[PlyCount "64"]
[EventDate "2023.04.25"]
[EventType "swiss (blitz)"]
[EventRounds "11"]
[EventCountry "USA"]
[SourceTitle "EXT 2024"]
[Source "ChessBase"]
[SourceDate "2023.10.10"]
[SourceVersion "1"]
[SourceVersionDate "2023.10.10"]
[SourceQuality "1"]

1. e4 e5 2. Nf3 Nc6 3. Bb5 a6 4. Ba4 Nf6 5. 0-0 Be7 6. d3 b5 7. Bb3 0-0 8. c3 d5 9. Nbd2 h6 10. Re1 Be6 11. exd5 Nxd5 12. Nxe5 Nxe5 13. Rxe5 c6 14. Nf3 Bd6 15. Re1 Bg4 16. h3 Bh5 17. c4 Nb4 18. Bc2 Nxc2 19. Qxc2 Bxf3 20. gxf3 Qh4 21. Kg2 Rfe8 22. Bd2 Qh5 23. Rxe8+ Rxe8 24. Re1 Rxe1 25. Bxe1 Qe5 26. Bc3 Qh2+ 27. Kf1 Qxh3+ 28. Ke2 Qe6+ 29. Kf1 bxc4 30. dxc4 Qxc4+ 31. Kg2 Qxa2 32. Qd2 Qd5 0-1

[Event "Titled Tuesday intern op 18th Apr Early"]
[Site "Chess.com INT"]
[Date "2023.04.18"]
[Round "10"]
[White "Steenbekkers, Franck"]
[Black "Barwinska, Ewa"]
[Result "1-0"]
[WhiteElo "2164"]
[BlackElo "1914"]
[PlyCount "77"]
[EventDate "2023.04.18"]
[EventType "swiss (blitz)"]
[EventRounds "11"]
[EventCountry "USA"]
[SourceTitle "EXT 2024"]
[Source "ChessBase"]
[SourceDate "2023.10.10"]
[SourceVersion "1"]
[SourceVersionDate "2023.10.10"]
[SourceQuality "1"]

1. e4 c5 2. Nf3 d6 3. d4 cxd4 4. Nxd4 Nf6 5. Nc3 a6 6. f4 e5 7. Nf3 Qc7 8. Bd3 Nc6 9. 0-0 Be7 10. f5 b5 11. a3 Bb7 12. Bg5 Na5 13. Kh1 h6 14. Bh4 Nc4 15. Qc1 Ng4 16. Bxe7 Kxe7 17. h3 Nf6 18. a4 Nh5 19. Kh2 b4 20. Ne2 Rhd8 21. c3 b3 22. Nh4 Qc5 23. f6+ Nxf6 24. Nf5+ Kf8 25. Nxh6 Qe3 26. Bxc4 Qxe4 27. Rf2 Qxc4 28. Nf5 Ne4 29. Qf1 Nxf2 30. Qxf2 Qe4 31. Rf1 f6 32. Neg3 Qc2 33. Ne2 Be4 34. Nxg7 Kxg7 35. Qxf6+ Kg8 36. Qg5+ Kh8 37. Rf7 Rg8 38. Qf6+ Rg7 39. Qxg7# 1-0

[Event "Titled Tuesday intern op 18th Apr Early"]
[Site "Chess.com INT"]
[Date "2023.04.18"]
[Round "4"]
[White "Steenbekkers, Franck"]
[Black "Pesotskiy, Mikhail"]
[Result "0-1"]
[WhiteElo "2164"]
[BlackElo "2153"]
[PlyCount "40"]
[EventDate "2023.04.18"]
[EventType "swiss (blitz)"]
[EventRounds "11"]
[EventCountry "USA"]
[SourceTitle "EXT 2024"]
[Source "ChessBase"]
[SourceDate "2023.10.10"]
[SourceVersion "1"]
[SourceVersionDate "2023.10.10"]
[SourceQuality "1"]

1. e4 e6 2. d4 d5 3. Nd2 Nf6 4. e5 Nfd7 5. c3 c5 6. Bd3 Nc6 7. Ne2 cxd4 8. cxd4 f6 9. exf6 Qxf6 10. 0-0 h6 11. Nf3 Bd6 12. Nc3 0-0 13. Re1 Rd8 14. b3 Nf8 15. Bb2 Bd7 16. Rc1 Be8 17. Nb5 Bf4 18. Rc2 Nb4 19. Rc3 Nxa2 20. Rc7 Bxb5 0-1

[Event "Titled Tuesday intern op 18th Apr Early"]
[Site "Chess.com INT"]
[Date "2023.04.18"]
[Round "3"]
[White "Szyszylo, Rafal"]
[Black "Steenbekkers, Franck"]
[Result "1-0"]
[WhiteElo "2091"]
[BlackElo "2164"]
[PlyCount "83"]
[EventDate "2023.04.18"]
[EventType "swiss (blitz)"]
[EventRounds "11"]
[EventCountry "USA"]
[SourceTitle "EXT 2024"]
[Source "ChessBase"]
[SourceDate "2023.10.10"]
[SourceVersion "1"]
[SourceVersionDate "2023.10.10"]
[SourceQuality "1"]

1. e4 c5 2. Ne2 Nc6 3. g3 g6 4. Bg2 Bg7 5. c3 e5 6. 0-0 Nge7 7. h3 d6 8. a4 h6 9. Na3 Be6 10. d4 cxd4 11. cxd4 Nxd4 12. Nxd4 exd4 13. Nb5 d5 14. Nxd4 0-0 15. Nxe6 fxe6 16. exd5 exd5 17. Qb3 b6 18. Bf4 Qd7 19. Rad1 Rad8 20. h4 Kh7 21. Rd2 Qg4 22. Re1 Nf5 23. Bf3 Qh3 24. Bg2 Qg4 25. f3 Qh5 26. Rxd5 Rxd5 27. Qxd5 Nxg3 28. Qxh5 Nxh5 29. Bd6 Rf7 30. Kf2 Bxb2 31. Re8 Bd4+ 32. Ke2 Nf6 33. Ra8 Rd7 34. Bb4 Nd5 35. Bd2 Bc3 36. Bc1 Re7+ 37. Kd3 Bb4 38. Bh3 Bc5 39. h5 Be3 40. Bb2 Nf4+ 41. Kc4 Nxh3 42. Rh8# 1-0

[Event "Titled Tuesday intern op 18th Apr Early"]
[Site "Chess.com INT"]
[Date "2023.04.18"]
[Round "11"]
[White "Thomas, Anysia"]
[Black "Steenbekkers, Franck"]
[Result "1-0"]
[WhiteElo "2175"]
[BlackElo "2164"]
[PlyCount "71"]
[EventDate "2023.04.18"]
[EventType "swiss (blitz)"]
[EventRounds "11"]
[EventCountry "USA"]
[SourceTitle "EXT 2024"]
[Source "ChessBase"]
[SourceDate "2023.10.10"]
[SourceVersion "1"]
[SourceVersionDate "2023.10.10"]
[SourceQuality "1"]

1. d4 Nf6 2. c4 g6 3. Nc3 d5 4. cxd5 Nxd5 5. e4 Nxc3 6. bxc3 Bg7 7. Be3 c5 8. Nf3 Qa5 9. Qd2 0-0 10. Rb1 b6 11. Rb5 Qa4 12. dxc5 Ba6 13. Rb4 Qa5 14. cxb6 Nc6 15. Rb3 Bxf1 16. Kxf1 axb6 17. g3 Qxa2 18. Qxa2 Rxa2 19. Kg2 Na5 20. Rxb6 Bxc3 21. Bh6 Rd8 22. Ra6 f6 23. Ra7 Kf7 24. e5 Bxe5 25. Nxe5+ fxe5 26. Bg5 Re8 27. Re1 Ra3 28. Rxe5 Nc4 29. Rexe7+ Rxe7 30. Rxe7+ Kg8 31. Bh6 Nd6 32. Rg7+ Kh8 33. Rd7 Ne8 34. Rd8 Kg8 35. Rxe8+ Kf7 36. Rf8+ 1-0

[Event "Titled Tuesday intern op 11th Apr Late"]
[Site "Chess.com INT"]
[Date "2023.04.11"]
[Round "4"]
[White "Dzida, Kamil"]
[Black "Steenbekkers, Franck"]
[Result "1-0"]
[WhiteElo "2352"]
[BlackElo "2164"]
[PlyCount "135"]
[EventDate "2023.04.11"]
[EventType "swiss (blitz)"]
[EventRounds "11"]
[EventCountry "USA"]
[SourceTitle "CBM 213 Extra"]
[Source "ChessBase"]
[SourceDate "2023.05.31"]
[SourceVersion "1"]
[SourceVersionDate "2023.05.31"]
[SourceQuality "1"]

1. f3 d5 2. Kf2 e5 3. e3 Bd6 4. Ne2 f5 5. g3 Nf6 6. Bg2 Be6 7. Rf1 Nc6 8. d4 e4 9. f4 h5 10. h4 Ng4+ 11. Kg1 0-0 12. Bd2 Ne7 13. b3 Ng6 14. Bh3 Nxh4 15. Bxg4 hxg4 16. gxh4 Qxh4 17. Qe1 Qh5 18. Qg3 g5 19. Kg2 Kg7 20. Nbc3 Rh8 21. Rh1 Qg6 22. Nb5 Rh3 23. Rxh3 gxh3+ 24. Kh2 g4 25. Nxd6 cxd6 26. Qh4 Rh8 27. Qe7+ Bf7 28. Ng3 Rc8 29. Rc1 Qe6 30. Qg5+ Bg6 31. Bb4 b5 32. c3 Rc6 33. Ba5 Ra6 34. b4 Rc6 35. Bd8 Rc8 36. Qe7+ Qxe7 37. Bxe7 Rc6 38. Ne2 Kf7 39. Bh4 Ke6 40. Rb1 Ra6 41. Nc1 Ra3 42. Rb3 Ra4 43. Be1 Bh5 44. Kg3 Kd7 45. Kh2 Ra6 46. Bg3 Rc6 47. Ra3 Rc7 48. Kg1 Kc8 49. Kf2 Kb7 50. Nb3 a6 51. Na5+ Kb6 52. Rb3 Rh7 53. Kg1 Be8 54. Kh2 Bc6 55. Rb2 Bd7 56. Rb1 Be6 57. Ra1 Bd7 58. Nb3 Be8 59. Be1 Bd7 60. Nd2 Be8 61. Nf1 Bd7 62. Ng3 Be6 63. a4 Bd7 64. axb5 axb5 65. Ra5 Rh8 66. Nf1 Rc8 67. Bd2 Rg8 68. Ng3 1-0

[Event "Titled Tuesday intern op 13th Dec Late"]
[Site "Chess.com INT"]
[Date "2022.12.13"]
[Round "9"]
[White "Steenbekkers, Franck"]
[Black "Shapiro, Daniel E"]
[Result "0-1"]
[WhiteElo "2164"]
[BlackElo "2284"]
[PlyCount "64"]
[EventDate "2022.12.13"]
[EventType "swiss (blitz)"]
[EventRounds "11"]
[EventCountry "USA"]
[SourceTitle "EXT 2024"]
[Source "ChessBase"]
[SourceDate "2023.10.10"]
[SourceVersion "1"]
[SourceVersionDate "2023.10.10"]
[SourceQuality "1"]

1. e4 e5 2. Nf3 Nc6 3. Bb5 a6 4. Ba4 Nf6 5. 0-0 Be7 6. Re1 b5 7. Bb3 d6 8. c3 0-0 9. d4 Bg4 10. d5 Na5 11. Bc2 c6 12. h3 Bd7 13. Nxe5 dxe5 14. d6 Be6 15. dxe7 Qxe7 16. Qf3 h6 17. b3 c5 18. Be3 Nc6 19. Nd2 b4 20. c4 Rfd8 21. Nf1 a5 22. Ng3 a4 23. Nf5 Bxf5 24. exf5 Ra6 25. Qg3 Kh7 26. bxa4 Nd4 27. Bb3 Nxf5 28. Qf3 Nd4 29. Bxd4 Rxd4 30. Qf5+ g6 31. Qxe5 Re6 32. Qxe6 fxe6 0-1

[Event "Titled Tuesday intern op 13th Dec Late"]
[Site "Chess.com INT"]
[Date "2022.12.13"]
[Round "8"]
[White "Winkels, Marcel"]
[Black "Steenbekkers, Franck"]
[Result "0-1"]
[WhiteElo "1965"]
[BlackElo "2164"]
[PlyCount "36"]
[EventDate "2022.12.13"]
[EventType "swiss (blitz)"]
[EventRounds "11"]
[EventCountry "USA"]
[SourceTitle "EXT 2024"]
[Source "ChessBase"]
[SourceDate "2023.10.10"]
[SourceVersion "1"]
[SourceVersionDate "2023.10.10"]
[SourceQuality "1"]

1. d4 Nf6 2. c4 g6 3. h4 c5 4. d5 e6 5. Nc3 exd5 6. cxd5 d6 7. e4 a6 8. a4 Nbd7 9. Nf3 Bg7 10. Bd3 Ng4 11. Bg5 Bf6 12. 0-0 h6 13. Bxf6 Qxf6 14. Re1 Nde5 15. Nxe5 Qxe5 16. g3 g5 17. h5 Qd4 18. Be2 Qxf2+ 0-1

[Event "Titled Tuesday intern op 15th Nov Late"]
[Site "Chess.com INT"]
[Date "2022.11.15"]
[Round "2"]
[White "Radovanovic, Dusan"]
[Black "Steenbekkers, Franck"]
[Result "1-0"]
[WhiteElo "2311"]
[BlackElo "2164"]
[PlyCount "43"]
[EventDate "2022.11.15"]
[EventType "swiss (blitz)"]
[EventRounds "11"]
[EventCountry "USA"]
[SourceTitle "CBM 211 Extra"]
[Source "ChessBase"]
[SourceDate "2023.01.31"]
[SourceVersion "1"]
[SourceVersionDate "2023.01.31"]
[SourceQuality "1"]

1. e4 e6 2. d4 d5 3. Nc3 Bb4 4. e5 c5 5. a3 Bxc3+ 6. bxc3 Ne7 7. h4 Qc7 8. h5 h6 9. Nf3 b5 10. Bxb5+ Bd7 11. Bd3 Nbc6 12. 0-0 0-0 13. Bd2 f6 14. Re1 c4 15. Bf1 Be8 16. exf6 Rxf6 17. Ne5 Nxe5 18. dxe5 Rf5 19. f4 Rxh5 20. Be3 Nf5 21. Bf2 Ne7 22. g4 1-0

[Event "Titled Tuesday intern op 24th May Early"]
[Site "Chess.com INT"]
[Date "2022.05.24"]
[Round "9"]
[White "Quirke, Jeffrey"]
[Black "Steenbekkers, Franck"]
[Result "1/2-1/2"]
[WhiteElo "2077"]
[BlackElo "2164"]
[PlyCount "34"]
[EventDate "2022.05.24"]
[EventType "swiss (blitz)"]
[EventRounds "11"]
[EventCountry "USA"]
[SourceTitle "EXT 2023"]
[Source "ChessBase"]
[SourceDate "2022.10.05"]
[SourceVersion "1"]
[SourceVersionDate "2022.10.05"]
[SourceQuality "1"]

1. e4 e6 2. d4 d5 3. Nc3 Bb4 4. exd5 exd5 5. Bd3 Ne7 6. Nf3 Nbc6 7. h3 Bf5 8. 0-0 Qd7 9. Ne2 0-0 10. c3 Bd6 11. Bf4 Bxd3 12. Qxd3 Ng6 13. Bxd6 Qxd6 14. Rfe1 Rae8 15. Ng3 Nf4 16. Qd2 Qf6 17. Nh2 h5 1/2-1/2

[Event "Titled Tuesday intern op 24th May Early"]
[Site "Chess.com INT"]
[Date "2022.05.24"]
[Round "7"]
[White "Rios Escobar, Adan"]
[Black "Steenbekkers, Franck"]
[Result "1-0"]
[WhiteElo "2276"]
[BlackElo "2164"]
[PlyCount "25"]
[EventDate "2022.05.24"]
[EventType "swiss (blitz)"]
[EventRounds "11"]
[EventCountry "USA"]
[SourceTitle "EXT 2023"]
[Source "ChessBase"]
[SourceDate "2022.10.05"]
[SourceVersion "1"]
[SourceVersionDate "2022.10.05"]
[SourceQuality "1"]

1. d4 Nf6 2. g3 g6 3. Bg2 Bg7 4. e4 d6 5. Ne2 a6 6. 0-0 0-0 7. a4 c6 8. Nbc3 Nbd7 9. a5 b5 10. axb6 Qxb6 11. b3 c5 12. e5 dxe5 13. dxe5 1-0

[Event "Titled Tuesday intern op 10th May Early"]
[Site "Chess.com INT"]
[Date "2022.05.10"]
[Round "11"]
[White "Steenbekkers, Franck"]
[Black "Boydia, Sidi"]
[Result "0-1"]
[WhiteElo "2164"]
[BlackElo "1997"]
[PlyCount "56"]
[EventDate "2022.05.10"]
[EventType "swiss (blitz)"]
[EventRounds "11"]
[EventCountry "USA"]
[SourceTitle "CBM 208 Extra"]
[Source "ChessBase"]
[SourceDate "2022.07.31"]
[SourceVersion "1"]
[SourceVersionDate "2022.07.31"]
[SourceQuality "1"]

1. e4 c5 2. Nf3 e6 3. c3 d5 4. exd5 Qxd5 5. d4 Nf6 6. Be3 cxd4 7. Nxd4 Nc6 8. Nd2 Be7 9. Bc4 Qxg2 10. Rf1 Bd7 11. Qc2 Rc8 12. Bd3 Nb4 13. Qb1 Nxd3+ 14. Qxd3 Qxh2 15. 0-0-0 Qc7 16. Rg1 g6 17. Bh6 a6 18. N2f3 Nd5 19. Rge1 Nb4 20. Qb1 Ba4 21. Rd2 Nd5 22. Ne5 Nxc3 23. bxc3 Qxc3+ 24. Nc2 Bf6 25. Ng4 Be7 26. Ne5 f6 27. Nd3 Kf7 28. Qb2 Ba3 0-1

[Event "Titled Tuesday intern op 01st Mar Late"]
[Site "Chess.com INT"]
[Date "2022.03.01"]
[Round "7"]
[White "Steenbekkers, Franck"]
[Black "Alfaro Caracas, William"]
[Result "1-0"]
[WhiteElo "2164"]
[BlackElo "2143"]
[PlyCount "101"]
[EventDate "2022.03.01"]
[EventType "swiss (blitz)"]
[EventRounds "11"]
[EventCountry "USA"]
[SourceTitle "CBM 207 Extra"]
[Source "ChessBase"]
[SourceDate "2022.05.31"]
[SourceVersion "1"]
[SourceVersionDate "2022.05.31"]
[SourceQuality "1"]

1. e4 c5 2. Nf3 Nc6 3. d4 cxd4 4. Nxd4 Nf6 5. Nc3 e5 6. Ndb5 d6 7. Nd5 Nxd5 8. exd5 Ne7 9. c4 Nf5 10. Qa4 Bd7 11. Qb4 a6 12. Nc3 Nd4 13. Bd3 f5 14. Be3 Be7 15. Bxd4 exd4 16. Ne2 0-0 17. 0-0 Bf6 18. Rfe1 Qc7 19. b3 a5 20. Qd2 a4 21. Nf4 Bg5 22. g3 axb3 23. axb3 Rxa1 24. Rxa1 Qb6 25. b4 Re8 26. Rc1 Qa6 27. c5 Qa3 28. c6 bxc6 29. dxc6 Bc8 30. b5 h6 31. b6 Be6 32. c7 Bc8 33. Bc4+ Kh7 34. Rb1 Bb7 35. Qd3 Qc5 36. Bd5 Bc8 37. b7 Qxc7 38. b8Q Qc5 39. Qb4 Qc7 40. Qbxd4 Re5 41. h4 Bf6 42. Nh5 Be7 43. Rd1 g6 44. Nf4 Bf6 45. h5 g5 46. Ng6 Re6 47. Qxf5 Re1+ 48. Rxe1 Bxd4 49. Ne7+ Kg7 50. Qg6+ Kf8 51. Qg8# 1-0

[Event "Titled Tuesday intern op 01st Mar Late"]
[Site "Chess.com INT"]
[Date "2022.03.01"]
[Round "4"]
[White "Steenbekkers, Franck"]
[Black "Kopczynski, Michal"]
[Result "0-1"]
[WhiteElo "2164"]
[BlackElo "2225"]
[PlyCount "58"]
[EventDate "2022.03.01"]
[EventType "swiss (blitz)"]
[EventRounds "11"]
[EventCountry "USA"]
[SourceTitle "CBM 207 Extra"]
[Source "ChessBase"]
[SourceDate "2022.05.31"]
[SourceVersion "1"]
[SourceVersionDate "2022.05.31"]
[SourceQuality "1"]

1. e4 c5 2. Nf3 d6 3. d4 cxd4 4. Nxd4 Nf6 5. Nc3 g6 6. Be3 Bg7 7. f3 0-0 8. Qd2 Nc6 9. 0-0-0 d5 10. exd5 Nxd5 11. Nxc6 bxc6 12. Bd4 e5 13. Bc5 Be6 14. Ne4 Rb8 15. h4 Re8 16. Bc4 h6 17. g4 Nf4 18. Qc3 Bxc4 19. Qxc4 Qa5 20. g5 h5 21. Nf6+ Bxf6 22. gxf6 Rb5 23. Rd7 Ne6 24. Be7 Reb8 25. Ba3 Rd5 26. Qxc6 Rxd7 27. Qxd7 Qb6 28. Rd1 Rd8 29. Qe7 Qe3+ 0-1

[Event "Titled Tuesday intern op 15th Feb Early"]
[Site "Chess.com INT"]
[Date "2022.02.15"]
[Round "7"]
[White "Hamley, Ryan"]
[Black "Steenbekkers, Franck"]
[Result "1-0"]
[WhiteElo "2077"]
[BlackElo "2164"]
[PlyCount "59"]
[EventDate "2022.02.15"]
[EventType "swiss (blitz)"]
[EventRounds "11"]
[EventCountry "USA"]
[SourceTitle "CBM 206 Extra"]
[Source "ChessBase"]
[SourceDate "2022.03.31"]
[SourceVersion "1"]
[SourceVersionDate "2022.03.31"]
[SourceQuality "1"]

1. e4 e6 2. d4 d5 3. Nd2 Nf6 4. e5 Nfd7 5. c3 c5 6. Bd3 Nc6 7. Ne2 cxd4 8. cxd4 f6 9. exf6 Nxf6 10. 0-0 Bd6 11. Nf3 Qc7 12. Bg5 0-0 13. Rc1 Bd7 14. a3 Ng4 15. h3 Rxf3 16. gxf3 Nh2 17. Kg2 Nxf1 18. Qxf1 Rf8 19. Qd1 Qb6 20. b4 e5 21. Be3 Qd8 22. dxe5 Nxe5 23. Ng1 Qh4 24. Bf1 Nxf3 25. Qxd5+ Kh8 26. Qxd6 Bxh3+ 27. Nxh3 Qg4+ 28. Qg3 Nh4+ 29. Kh1 Qe4+ 30. Bg2 1-0

[Event "Titled Tuesday intern op 15th Feb Early"]
[Site "Chess.com INT"]
[Date "2022.02.15"]
[Round "2"]
[White "Steenbekkers, Franck"]
[Black "Hajiyeva, Laman"]
[Result "1/2-1/2"]
[WhiteElo "2164"]
[BlackElo "1957"]
[PlyCount "75"]
[EventDate "2022.02.15"]
[EventType "swiss (blitz)"]
[EventRounds "11"]
[EventCountry "USA"]
[SourceTitle "CBM 206 Extra"]
[Source "ChessBase"]
[SourceDate "2022.03.31"]
[SourceVersion "1"]
[SourceVersionDate "2022.03.31"]
[SourceQuality "1"]

1. e4 e5 2. Nf3 Nc6 3. Bb5 a6 4. Ba4 Nf6 5. 0-0 b5 6. Bb3 Be7 7. c3 0-0 8. Re1 d5 9. exd5 Nxd5 10. Nxe5 Nxe5 11. Rxe5 c6 12. d4 Bd6 13. Re1 Qh4 14. g3 Qh3 15. Re4 g5 16. Qf3 Bf5 17. Bxd5 cxd5 18. Re3 Rad8 19. Qxd5 Rfe8 20. Qg2 Qh5 21. Nd2 Bh3 22. Qf3 Bg4 23. Qf6 Bf8 24. Ne4 Bh3 25. Bd2 Rxe4 26. Rxe4 Rd5 27. Re8 Rf5 28. Rxf8+ Kxf8 29. Qh8+ Ke7 30. Re1+ Kd6 31. Qd8+ Kc6 32. Qc8+ Kd6 33. Qxa6+ Kd7 34. Qb7+ Kd6 35. Qb6+ Kd7 36. Qb7+ Kd6 37. Qb6+ Kd7 38. Qb7+ 1/2-1/2